000 00484nam a2200181Ia 4500
001 9211
005 20260306160706.0
008 260306t2011||||xx |||||||||||||| ||spa||
041 _aESP
082 _a375.002
_bD89
100 _aDoncel Córdoba, Juan
_eAUT
245 0 _aLas competencias básicas en la enseñanza:
_bfundamentación, enseñanza y evaluación
260 _c2011
300 _a163 páginas :
_c24 cm.
650 _aGEN
654 _aCED
942 _cLIB
_dJUS
_fJUS
_2ddc
_n
999 _c9211
_d9211